000 05773nam a22005297a 4500
005 20120117141932.0
010 _aB-468529-554
020 _a9788179933350
_c155.00
020 _a9788179933350
_c155.00
035 _aB-468529-554
037 _aDPL
_bBlue Berry/Ven
082 _a551.415
100 _aIyer, Rani
_950408
245 _aDeserts /
_cRani Iyer
260 _aNew Delhi
_bTeri Press
_c2011
270 _aDarbari Seth Block, IHC Complex, Lodhi Road,
_bNew Delhi
_e110003
_k24682100, 41504900
_l24682144/24682145
_mTeripress@teri.res.in
300 _a30p.
_bCol.ill
_c29 cm (Hb)
490 _aPlanet Earth
_950409
942 _2ddc
_cCH
_mIYE
_h551.415
999 _c61050
_d61050